First Baptist Church, Bay City Texas : church history 1895- 1975.

Bibliographic Details
Format: Book
Language:English
Published: [Bay City, Tex.] : [publisher not identified], [between 1970 and 1979?]
Subjects:

MARC

Tag First Indicator Second Indicator Subfields
LEADER 00000cam a2200000 a 4500
001 in00000014667
005 20190207093347.0
008 880425q19701979txua o00000 eng d
035 |a (OCoLC)17847721 
035 |9 AAA7041AM 
040 |a TXA  |c TXA  |d UtOrBLW 
043 |a n-us-tx 
049 |a TXAS  |c [A08599547] 
050 4 |a BX6480.B28  |b F5 1970z 
245 0 0 |a First Baptist Church, Bay City Texas :  |b church history 1895- 1975. 
264 1 |a [Bay City, Tex.] :  |b [publisher not identified],  |c [between 1970 and 1979?] 
300 |a 12 pages :  |b illustrations ;  |c 21 cm. 
336 |a text  |b txt  |2 rdacontent 
337 |a unmediated  |b n  |2 rdamedia 
338 |a volume  |b nc  |2 rdacarrier 
500 |a The Cushing Library/Chapman Texas Collection copy is part of the Floyd & Louise Chapman Texas & Borderlands Collection.  |5 TXA 
610 2 0 |a First Baptist Church (Bay City, Tex.)  |x History. 
651 0 |a Bay City (Tex.)  |x Church history. 
999 |a MARS 
999 f f |s 0c948fee-1abd-3fdb-8cb8-4d95519a40c5  |i 16b1fa1a-b514-3e3a-9538-cf4bc8b38334  |t 0 
952 f f |p noncirc  |a Texas A&M University  |b College Station  |c Cushing Memorial Library & Archives  |d Cushing: Chapman Texas Collection (Does not check out)  |t 0  |e BX6480.B28 F5 1970z  |f Vertical File  |h Library of Congress classification  |i unmediated -- volume  |m A14852108589 
998 f f |a BX6480.B28 F5 1970z  |t 0  |l Cushing: Chapman Texas Collection (Does not check out)